000 00721nam a22002653u 4500
001 DHIM2026022412380031
003 RU-10907106
005 20260225080000.0
007 tu
008 260224s1997 ru ||| ||| 000 0 rus d
020 _95-88195-222-7
_a5881952227
040 _aRU-10907106
_bger
_cRU-10907106
041 _arus
100 1 _4aut
_aSijuchov, Seferbij
_968645
245 0 _aIzbrannoe
264 1 _aNal'čik
_bIzdatel'skij centr "Ėl'-Fa"
_c1997
300 _a416 Seiten
336 _2rdacontent
_aText
_btxt
337 _2rdamedia
_aOhne Hilfsmittel zu benutzen
_bn
338 _2rdacarrier
_aBand
_bnc
650 _aEthnologie
651 _aAdygeja
_926510
651 _aKaukasus
942 _2z
_cMG
999 _c73824
_d73824